000 00533nam a2200181 a 4500
005 20240913063821.0
008 991125s1942 mx 000 0 spa u
035 _aUPN01000013800
049 _aCG
050 4 _aLB3013
_bS2.3
100 1 _aSantos Valdés, José Eliezer,
_d1905-1990
_929956
245 1 0 _aDemocracia y disciplina escolar /
_cJosé Santos Valdés.
260 _aMéxico :
_bFondo de Cultura Popular,
_c1942.
300 _a159 p.
650 4 _aDemocracia
_96020
650 4 _aDisciplina escolar
_91521
905 _aLibro
999 _c13800
_d13800